00655nam a2200193 a 4500008004100000020003300041040002500074041001300099044001100112080003800123100002400161245007900185250001300264260004500277300003400322500004400356700002900400700003200429951214s1988||||[C 0 slo c c160 Kčs. q(36700 výtl.) aSNKbslocSNKeAACR21 aslohspa axocSK a730/75.033.1/.4(100)(091)(084.12)1 aPijoan, José4aut10aDejiny umenia 3cJosé Pijoan ; Anna Škorupová, Ludmila Zapletalová a2., vyd. aBratislavabTatranc1988ePrahafSvoboda a336 s., 66,79 AHbFot.c30 cm aReg. Ilustr. na front. a predsádkach.1 aŠkorupová, Anna4trl1 aZapletalová, Ludmila4bkd